00345nam a22001217a 4500020001800000040000900018082001600027100002700043245005700070260004100127300003300168700002200201 a9781119825852 cNUST a610.28bRAN aRangayyan, Rangaraj M. aBiomedical Signal Analysis /cRangaraj M . Rangayyan aCanada :bJohn Wiley & Sons ,c2024. a673p. ;bHardbinding,c26cm. aKrishnan, Sridhar